The Financiers of Congressional Elections : (Record no. 615953)

MARC details
000 -LEADER
fixed length control field 00536nam a2200193 a 4500
008 - FIXED-LENGTH DATA ELEMENTS--GENERAL INFORMATION
fixed length control field 260227s2003##################000#0#eng##
020 ## - INTERNATIONAL STANDARD BOOK NUMBER
ISBN 9780231116190
082 04 - DEWEY DECIMAL CLASSIFICATION NUMBER
Classification number 324.780973
Item number FRE
100 1# - MAIN ENTRY--AUTHOR NAME
Personal name Francia, Peter L.,
245 10 - TITLE STATEMENT
Title The Financiers of Congressional Elections :
260 ## - PUBLICATION, DISTRIBUTION, ETC. (IMPRINT)
Name of publisher Columbia University Press,
Year of publication 2003.
300 ## - PHYSICAL DESCRIPTION
Number of Pages 220 pages
650 #0 - SUBJECT ADDED ENTRY--TOPICAL TERM
Topical Term Political Science.
942 ## - ADDED ENTRY ELEMENTS (KOHA)
Koha item type English Books
Holdings
Withdrawn status Lost status Damaged status Not for loan Home library Current library Shelving location Date acquired Full call number Accession Number Price effective from Koha item type
        Anna Centenary Library Anna Centenary Library 3RD FLOOR, B WING 27.02.2026 324.780973 FRE 166814 27.02.2026 English Books

Find us on the map